Nietzsche / (Record no. 31518)
[ view plain ]
| 000 -LEADER | |
|---|---|
| fixed length control field | 00817cam a22002651 4500 |
| 001 - CONTROL NUMBER | |
| control field | 31518 |
| 003 - CONTROL NUMBER IDENTIFIER | |
| rucl marc code | BD-RjUL |
| 005 - DATE AND TIME OF LATEST TRANSACTION | |
| control field | 20211209051718.0 |
| 008 - FIXED-LENGTH DATA ELEMENTS--GENERAL INFORMATION | |
| fixed length control field | 140420s1941 mauc b 001 0 eng d |
| 035 ## - SYSTEM CONTROL NUMBER | |
| System control number | (BD-RjUL)31606 |
| System control number | (OCoLC)349115 |
| 040 ## - CATALOGING SOURCE | |
| Original cataloging agency | DLC |
| Transcribing agency | OYesA |
| Modifying agency | OCoLC |
| -- | DLC |
| -- | BD-RjUL |
| Language of cataloging | eng |
| 041 ## - LANGUAGE CODE | |
| Language code of text/sound track or separate title | eng |
| 082 00 - DEWEY DECIMAL CLASSIFICATION NUMBER | |
| Classification number | 193 |
| Author mark and year | BRN 1941 |
| 100 1# - MAIN ENTRY--PERSONAL NAME | |
| Personal name | Brinton, Crane, |
| Dates associated with a name | 1898-1968. |
| 9 (RLIN) | 52938 |
| 245 10 - TITLE STATEMENT | |
| Title | Nietzsche / |
| Statement of responsibility, etc. | by Crane Brinton |
| 260 ## - PUBLICATION, DISTRIBUTION, ETC. (IMPRINT) | |
| Place of publication, distribution, etc. | Cambridge, Mass. : |
| Name of publisher, distributor, etc. | Harvard university press, |
| Date of publication, distribution, etc. | 1941. |
| 300 ## - PHYSICAL DESCRIPTION | |
| Pagination | xvii, 266 p. : |
| Illustrations | ill.; |
| Size | 22 cm. |
| 490 0# - SERIES STATEMENT | |
| Series statement | Makers of modern Europe |
| 504 ## - BIBLIOGRAPHY, ETC. NOTE | |
| Bibliography, etc | Bibliographical foot-notes. Bibliography: p.[245]-259. and Index |
| 600 10 - SUBJECT ADDED ENTRY--PERSONAL NAME | |
| Personal name | Nietzsche, Friedrich Wilhelm, |
| Dates associated with a name | 1844-1900. |
| 942 ## - ADDED ENTRY ELEMENTS (KOHA) | |
| Source of classification or shelving scheme | Dewey Decimal Classification |
| Koha item type | Books |
| Lost status | Source of classification or shelving scheme | Damaged status | Not for loan | Collection code | Permanent Location | Current Location | Shelving location | Date acquired | Source of acquisition | Cost, normal purchase price | Total Checkouts | Full call number | Date last seen | Copy number | Koha item type |
|---|---|---|---|---|---|---|---|---|---|---|---|---|---|---|---|
| Dewey Decimal Classification | Not For Loan | Non-fiction | Central Library, University of Rajshahi | Central Library, University of Rajshahi | Reading Room | 03/02/1956 | A. B. C. | 22.12 | 193 BRN 1941 | 20/04/2014 | C-1 | Books |